000 00677nam a2200217Ii 4500
003 JO-AjNU
008 230605s9999||||xx |||||||||||||| ||und||
017 _a1979/3128
020 _a364-9
040 _aJO-AjNU
_bara
_erda
_cJO-AjNU
041 _aara
050 1 4 _aHB141.5.1979
100 3 _aموسى،احمد محمد,
_eauthor
_915902
245 0 0 _aدراسات في المحاسبة الاجتماعية
264 3 1 _aالقاهرة:دار النهضة العربية،1979
300 _a653ص
336 _atext
_btxt
_2rdacontent
337 _aunmediated
_bn
_2rdamedia
338 _avolume
_bnc
_2rdacarrier
650 4 _aالمحاسبة الاجتماعية
_915903
999 _aA4597
_c8165
_d8165